Parametric statistical change point analysis /

Bibliographic Details
Main Author: Chen, Jie, 1964-
Corporate Author: SpringerLink (Online service)
Other Authors: Gupta, A. K. (Arjun K.), 1938-
Format: eBook
Language:English
Published: Boston : Birkhäuser, [2000]
Subjects:
Online Access:Connect to the full text of this electronic book

MARC

Tag First Indicator Second Indicator Subfields
LEADER 00000cam a2200000Ki 4500
001 in00003549865
006 m o d
007 cr cnu---unuuu
008 140711s2000 maua ob 001 0 eng d
005 20260420211256.7
020 |a 9781475731316 (electronic bk.) 
020 |a 1475731310 (electronic bk.) 
020 |z 0817641696 
020 |z 9780817641696 
020 |z 3764341696 
020 |z 9783764341695 
024 7 |a 10.1007/978-1-4757-3131-6  |2 doi 
035 |a (OCoLC)883382742 
040 |a GW5XE  |b eng  |e rda  |e pn  |c GW5XE  |d UtOrBLW 
049 |a TXAM 
050 4 |a QA276  |b .C4675 2000eb 
072 7 |a QA  |2 lcco 
082 0 4 |a 519.5  |2 22 
084 |a 31.73  |2 bcl 
084 |a SK 830  |2 rvk 
100 1 |a Chen, Jie,  |d 1964- 
245 1 0 |a Parametric statistical change point analysis /  |c Jie Chen, A.K. Gupta. 
264 1 |a Boston :  |b Birkhäuser,  |c [2000] 
264 4 |c ©2000 
300 |a 1 online resource (viii, 184 pages) :  |b illustrations. 
336 |a text  |b txt  |2 rdacontent 
337 |a computer  |b c  |2 rdamedia 
338 |a online resource  |b cr  |2 rdacarrier 
504 |a Includes bibliographical references (pages [173]-180) and indexes. 
505 0 0 |g 1.  |t Preliminaries --  |g 2.  |t Univariate Normal Model.  |g 2.1.  |t Mean Change.  |g 2.2.  |t Variance Change.  |g 2.3.  |t Mean and Variance Changes --  |g 3.  |t Multivariate Normal Model.  |g 3.1.  |t Mean Vector Change.  |g 3.2.  |t Covariance Change.  |g 3.3.  |t Mean Vector and Covariance Changes --  |g 4.  |t Regression Models.  |g 4.1.  |t Literature Review.  |g 4.2.  |t Simple Linear Regression Model.  |g 4.3.  |t Multiple Linear Regression Model --  |g 5.  |t Gamma Model.  |g 5.1.  |t Problem.  |g 5.2.  |t Likelihood-Ratio Procedure.  |g 5.3.  |t Informational Approach.  |g 5.4.  |t Bayesian Approach.  |g 5.5.  |t Examples.  |g 5.6.  |t Another Type of Change --  |g 6.  |t Exponential Model.  |g 6.1.  |t Problem.  |g 6.2.  |t Likelihood-Ratio Procedure.  |g 6.3.  |t Alternate Approach.  |g 6.4.  |t Informational Approach.  |g 6.5.  |t Examples --  |g 7.  |t Discrete Models.  |g 7.1.  |t Introduction. 
520 1 |a "This work is an in-depth study of the change point problem from a general point of view and a further examination of change point analysis of the most commonly used statistical models. Change point problems are encounted in such disciplines as economics, finance, medicine, psychology, signal processing, and geology, to mention only several."--BOOK JACKET. 
588 |a Description based on print version record. 
650 0 |a Change-point problems. 
650 6 |a Rupture (Statistique) 
650 1 7 |a Statistische analyse.  |2 gtt 
650 7 |a Change-point-Problem.  |2 swd 
650 7 |a Change-point problems.  |2 fast  |0 (OCoLC)fst00852076 
655 7 |a Electronic books.  |2 local 
700 1 |a Gupta, A. K.  |q (Arjun K.),  |d 1938- 
710 2 |a SpringerLink (Online service) 
776 1 8 |i Print version:  |a Chen, Jie, 1964-  |t Parametric statistical change point analysis  |z 0817641696  |w (DLC) 00039803  |w (OCoLC)43945452 
856 4 0 |u http://proxy.library.tamu.edu/login?url=https://link.springer.com/10.1007/978-1-4757-3131-6  |z Connect to the full text of this electronic book  |t 0 
994 |a 92  |b TXA 
999 |a MARS 
999 f f |s 007918e4-04ac-3a5c-bb5d-fb35571a890d  |i 26ffb4f3-4dd8-3b66-a5f5-26d598d29451  |t 0 
952 f f |a Texas A&M University  |b College Station  |c Electronic Resources  |s www_evans  |d Available Online  |t 0  |e QA276 .C4675 2000eb  |h Library of Congress classification 
998 f f |a QA276 .C4675 2000eb  |t 0  |l Available Online